After the Fall : Lessons for Policy Cooperation from the Global Crisis /

A crisis is a terrible thing to waste, and nowhere is this truer than in the arena of international economic policy cooperation. With the world facing the largest and most synchronized plunge in output of the postwar era, policy makers banded together to find solutions. This paper looks at the lesso...

Descrición completa

Detalles Bibliográficos
Autor Principal: Bayoumi, Tamim
Formato: Revista
Idioma:English
Publicado: Washington, D.C. : International Monetary Fund, 2014.
Series:IMF Working Papers; Working Paper ; No. 2014/097
Acceso en liña:Full text available on IMF
LEADER 02356cas a2200241 a 4500
001 AALejournalIMF014459
008 230101c9999 xx r poo 0 0eng d
020 |c 5.00 USD 
020 |z 9781498375764 
022 |a 1018-5941 
040 |a BD-DhAAL  |c BD-DhAAL 
100 1 |a Bayoumi, Tamim. 
245 1 0 |a After the Fall :   |b Lessons for Policy Cooperation from the Global Crisis /  |c Tamim Bayoumi. 
264 1 |a Washington, D.C. :  |b International Monetary Fund,  |c 2014. 
300 |a 1 online resource (25 pages) 
490 1 |a IMF Working Papers 
500 |a <strong>Off-Campus Access:</strong> No User ID or Password Required 
500 |a <strong>On-Campus Access:</strong> No User ID or Password Required 
506 |a Electronic access restricted to authorized BRAC University faculty, staff and students 
520 3 |a A crisis is a terrible thing to waste, and nowhere is this truer than in the arena of international economic policy cooperation. With the world facing the largest and most synchronized plunge in output of the postwar era, policy makers banded together to find solutions. This paper looks at the lessons from what did-and did not-occur in the area of policy cooperation since the crisis. Outcomes seem to be weaker over time in areas such as macroeconomic policies, where institutional procedures were less well defined and there were disagreements over spillovers. By contrast, cooperation seems to have been most effective where there was a consensus that such policies could avoid the risk of highly detrimental outcomes and institutional arrangements were more concrete. Principle amongst these was trade, but bank capital buffers, IMF resources, and derivatives exchanges also fall into this category. Lessons for those interested in promoting cooperation seems to be: it may be more fruitful to: focus on the potential for major costs from a lack of cooperation, rather than the minor gains from fuller coordination; strive for more consensus estimated spillovers; convince policy-makers costs of loss of cooperation are large; and focus on building better and more enduring institutional arrangements. 
538 |a Mode of access: Internet 
830 0 |a IMF Working Papers; Working Paper ;  |v No. 2014/097 
856 4 0 |z Full text available on IMF  |u http://elibrary.imf.org/view/journals/001/2014/097/001.2014.issue-097-en.xml  |z IMF e-Library